De la propiedad literaria : (Record no. 167238)

MARC details
000 -LEADER
campo de control de longitud fija 01024nam a22002175i 4500
001 - NÚMERO DE CONTROL
campo de control 167238
003 - IDENTIFICADOR DE NÚMERO DE CONTROL
campo de control ES-MaACL
005 - FECHA Y HORA DE LA ÚLTIMA TRANSACCIÓN
campo de control 20250729014428.0
008 - DATOS DE LONGITUD FIJA--INFORMACIÓN GENERAL
campo de control de longitud fija 030623s1861 sp |||| | spa d
080 ## - NÚMERO DE LA CLASIFICACIÓN DECIMAL UNIVERSAL
Número de la Clasificación Decimal Universal 347.78
100 1# - ENTRADA PRINCIPAL--NOMBRE DE PERSONA
Nombre de persona Aledo, Vergara y Pérez de Aranda, Mariano,
Títulos y otros términos asociados al nombre Marqués de,
Fechas asociadas al nombre 1833-1912
9 (RLIN) 141529
245 10 - MENCIÓN DEL TÍTULO
Título De la propiedad literaria :
Resto del título discurso leído en el acto de recibir la investidura de doctor en la Facultad de Derecho, sección de Derecho Administrativo /
Mención de responsabilidad, etc. por Mariano Vergara.
260 ## - PUBLICACIÓN, DISTRIBUCIÓN, ETC.
Lugar de publicación, distribución, etc. Madrid :
Nombre del editor, distribuidor, etc. [s.n.],
Fecha de publicación, distribución, etc. 1861 (
Fabricante Imp. de Miguel Archas y Sánchez)
300 ## - DESCRIPCIÓN FÍSICA
Extensión 87 p. ;
Dimensiones 25 cm.
530 ## - NOTA DISPONIBLE DE FORMULARIO FÍSICO ADICIONAL
Nota de formato físico adicional disponible Disponible en formato digital.
650 #7 - PUNTO DE ACCESO ADICIONAL DE MATERIA--TÉRMINO DE MATERIA
Término de materia o nombre geográfico como elemento de entrada Propiedad intelectual
Fuente del encabezamiento o término embne
9 (RLIN) 16488
710 2# - ENTRADA AGREGADA--NOMBRE DE ENTIDAD CORPORATIVA
Nombre de entidad corporativa o nombre de jurisdicción como elemento de entrada Universidad Central (Madrid).
Unidad subordinada Facultad de Derecho.
9 (RLIN) 7090
852 4# - LOCALIZACIÓN
Ubicación ES-MaACL
Número de control de estantería T-66-F-3
Nota libre - Enc. hol., falto de cub. original
-- - Enc. en un vol. facticio
856 4# - LOCALIZACIÓN Y ACCESO ELECTRÓNICOS
Identificador Uniforme de Recursos <a href="http://bdh-rd.bne.es/viewer.vm?id=0000144420&page=1 ">http://bdh-rd.bne.es/viewer.vm?id=0000144420&page=1 </a>
Nota pública Biblioteca Digital Hispánica
Holdings
Estatus retirado Estado de pérdida Estado de daño No para préstamo Colección Biblioteca de origen Biblioteca actual Ubicación en estantería Fecha de adquisición Total de préstamos Signatura topográfica completa Código de barras Visto por última vez Precio de reemplazo Tipo de ítem Koha
        Colección de folletos Biblioteca del Ateneo de Madrid Biblioteca del Ateneo de Madrid Depósito folletos 17/01/2008   T-66-F-3 1175437 23/02/2023 23/02/2023 Folleto